[Event "RUS-chT Premier League Women 2018"]
[Site "Sochi"]
[Date "2018.05.01"]
[Round "1"]
[White "Kosteniuk, Alexandra"]
[Black "Suslova, Alena"]
[Result "1-0"]
[WhiteElo "2555"]
[BlackElo "2153"]
[Annotator "TA"]
[PlyCount "111"]
[EventDate "2018.??.??"]
[EventCountry "RUS"]
[SourceTitle "playchess.com"]
[Source "ChessBase"]
[SourceQuality "1"]

{[%evp 19,111,40,38,25,33,23,38,0,7,0,0,0,0,0,22,28,26,0,0,0,0,0,20,0,0,0,0,0,0,-22,-9,-5,0,0,0,0,0,0,11,11,11,11,14,14,36,25,29,26,37,37,41,33,33,28,56,55,56,56,57,57,62,57,60,41,41,33,77,63,56,57,78,75,197,197,273,98,105,89,77,97,83,93,480,404,599,563,1915,1678,12834,5808,12838,10654,2607,2485]} 1. d4 Nf6 2. c4 g6 3. Nc3 Bg7 4. e4 d6 5. Nf3 O-O 6. Be2 e5 7. O-O Nc6 8. d5 Ne7 9. Qc2 Nd7 {E97: King's Indian: Classical Main Line (6...e5 7 0-0 Nc6): 8 Be3 and 8 d5 Ne7, not 9 Ne1} 10. Rd1 h6 {LiveBook: 6 Games} 11. Nd2 (11. b4 a5 12. bxa5 Rxa5 13. a4 b6 14. Ba3 Nc5 15. Bb4 Ra6 16. a5 f5 17. axb6 cxb6 18. Bxc5 bxc5 19. Rxa6 Bxa6 {½-½ (48) Salem,A (2608)-Saric,I (2660) Biel 2016}) 11... f5 {White has an edge.} 12. b4 Nf6 13. c5 fxe4 $146 ({Predecessor:} 13... f4 14. Nc4 g5 15. b5 g4 16. b6 axb6 17. cxd6 cxd6 {1-0 (40) Kryakvin,D (2529)-Khanin,S (2385) Samara 2015}) 14. Ndxe4 Nf5 15. Nxf6+ Qxf6 16. Ne4 Qe7 17. Bb2 Nd4 18. Bxd4 (18. Qd2 {seems wilder.} Bf5 19. Bd3 Rad8 20. cxd6 cxd6 21. Re1) 18... exd4 19. Bd3 Bf5 20. Re1 {White wants to play Nxd6.} Rae8 21. Rac1 Be5 22. g3 g5 23. cxd6 cxd6 24. Qc7 Qxc7 (24... Bg6 {looks sharper.} 25. Bb5 Qxc7 26. Rxc7 Rb8 27. Re7 a6) 25. Rxc7 Bxe4 26. Bxe4 Rf7 27. Rc2 Kg7 28. Kg2 Bf6 {[#] And now ...d3! would win.} 29. Ree2 Rfe7 30. Bd3 Rxe2 31. Bxe2 $11 {[%mdl 4096] Endgame KRB-KRB} Re7 32. a4 Rf7 33. a5 Bd8 34. Rc8 Bf6 $1 35. Bd3 Rf8 36. Rc2 Bd8 37. Re2 Rf7 38. Re6 Rf6 39. Re4 Rf7 40. Rxd4 Rc7 41. Bf5 Kf6 42. g4 Ke5 43. Re4+ Kxd5 44. Re6 Be7 45. Rxh6 Kc4 (45... Kd4 $16) 46. Rh7 $18 d5 {[#]} (46... Bd8 {keeps fighting.}) 47. h4 $2 (47. f4 $1 $18) 47... gxh4 $16 48. g5 {[%cal Bg4g5,Bg5g6,Bg6g7][%mdl 32]} Bd8 {Strongly threatening ...Rxh7.} 49. Rxh4+ d4 50. f4 Kxb4 $2 {[%mdl 8192]} (50... Rg7 $16 {is a better chance.}) 51. Rh8 $18 Be7 (51... Bxg5 $142 52. fxg5 Rc5) 52. Rh7 {White is clearly winning.} Kc3 53. g6 d3 54. g7 d2 55. Bg4 Rc8 56. Rh8 {Precision: White = 59%, Black = 45%.} 1-0

[Event "RUS-chT Premier League Women 2018"]
[Site "Sochi"]
[Date "2018.05.01"]
[Round "1"]
[White "Pogonina, Natalija"]
[Black "Trapeznikova, Darya"]
[Result "1-0"]
[WhiteElo "2457"]
[BlackElo "2087"]
[Annotator "TA"]
[PlyCount "99"]
[EventDate "2018.??.??"]
[EventCountry "RUS"]
[SourceTitle "playchess.com"]
[Source "ChessBase"]
[SourceQuality "1"]

{[%evp 23,99,45,80,54,61,61,111,68,76,52,122,111,129,129,132,132,150,153,156,151,147,151,154,156,152,147,187,131,158,140,167,138,158,142,158,157,212,197,285,277,330,295,292,293,288,280,258,222,404,404,372,400,626,300,300,317,319,275,361,353,602,589,701,689,1151,1135,1280,1218,1217,1234,1177,1162,29973,29974,29985,29979,29986,29987]} 1. d4 f5 2. c4 Nf6 3. Nc3 d6 4. Nf3 g6 5. g3 Bg7 6. Bg2 O-O 7. O-O Qe8 8. b3 e5 9. dxe5 dxe5 10. e4 Nc6 11. Nd5 Qd7 12. exf5 {A87: Dutch Defence: Leningrad System: 5 Nf3} e4 {[#] LiveBook: 11 Games. aiming for ...Nxd5.} 13. Nh4 (13. Ng5 gxf5 14. Rb1 Nxd5 15. cxd5 Nd4 16. Be3 c5 17. Qh5 h6 18. Bxd4 cxd4 19. Ne6 Rf7 {1-0 (31) Gupta,A (2613)-Bajarani,U (2551) Al Ain 2015}) 13... gxf5 14. Nf4 {White is slightly better.} Rd8 $146 ({Predecessor:} 14... Qxd1 15. Rxd1 Nh5 16. Rb1 Nxf4 17. Bxf4 Nd4 18. Rd2 Ne6 19. Be3 Bc3 {½-½ (56) Bolz,J (2255)-Gromov,S (2256) ICCF email 2014}) 15. Qxd7 Bxd7 16. Bb2 Re8 (16... Nh5 $1 $14 17. Bxg7 Nxf4) 17. Bh3 Ne7 18. Rad1 Rad8 19. Ba3 Ng6 20. Nhxg6 hxg6 21. Nxg6 Kf7 22. Nh4 f4 23. Bxd7 Nxd7 24. gxf4 Bh6 {[#]} 25. Ng2 (25. Bc1 $1 $18) 25... Nf6 26. Bc1 Nh5 27. Rxd8 Rxd8 28. f3 exf3 29. Rxf3 Kf6 (29... a5 $16 {was called for.} 30. Ne3 Nf6) 30. Ne3 {Strongly threatening Rh3.} Rg8+ (30... Kg6 $142 31. f5+ Kf7) 31. Kf1 Kg6 32. Ng4 Bf8 33. f5+ Kf7 34. Ne5+ Kf6 35. Bb2 Ke7 $2 (35... Bd6 {was worth a try.}) 36. Ng6+ $18 Kf7 37. Rd3 Nf6 (37... Bd6 $142 38. c5 Bxh2) 38. Nxf8 (38. Bxf6 $142 {Black must now prevent Bg5.} Kxf6 39. Rd8) 38... Rxf8 {[%mdl 4096] Endgame KRB-KRN} 39. Rg3 Rd8 40. Rg6 Ne8 41. Ke2 Kf8 $2 (41... Rd6 42. Rxd6 Nxd6) 42. h4 {[%cal Bh2h4,Bh4h5,Bh5h6][%mdl 32]} Rd7 43. h5 Rh7 44. h6 Kf7 45. Kf3 Nd6 46. Kf4 Ne8 47. c5 c6 48. Be5 {White mates.} Kf8 49. Kg5 Kf7 50. Re6 {Precision: White = 77%, Black = 30%.} 1-0

[Event "RUS-chT Premier League Women 2018"]
[Site "Sochi"]
[Date "2018.05.01"]
[Round "1"]
[White "Bodnaruk, Anastasia"]
[Black "Yakimenko, Viktoria"]
[Result "1-0"]
[WhiteElo "2446"]
[BlackElo "2048"]
[Annotator "TA"]
[PlyCount "59"]
[EventDate "2018.??.??"]
[EventCountry "RUS"]
[SourceTitle "playchess.com"]
[Source "ChessBase"]
[SourceQuality "1"]

{[%evp 13,59,25,41,22,41,39,36,39,76,81,73,79,67,78,81,86,102,104,100,115,115,90,113,99,155,91,362,352,398,369,604,605,603,591,592,577,521,480,474,473,460,432,1266,1230,1258,1125,29986,1231]} 1. e4 c5 2. Nf3 d6 3. d4 cxd4 4. Nxd4 Nf6 5. Nc3 a6 6. Be2 e5 7. Nb3 h6 8. O-O {B92: Sicilian Najdorf: 6 Be2} Be6 (8... Be7 9. f4 Nbd7 10. Qe1 b5 11. Qg3 Bb7 12. a3 Rc8 13. Bf3 Qb6+ {½-½ (13) Pierrot,J (2449)-Ricardi,P (2551) Los Polvorines 2005}) 9. f4 {[%cal Bf2f4,Bf4f5][%mdl 32]} Be7 10. Be3 {White is slightly better.} Nc6 $146 ({Predecessor:} 10... Qc7 11. fxe5 dxe5 12. Nd2 Nbd7 13. Qe1 b5 14. a3 Rc8 15. Nf3 {0-1 (31) Meldal,P (1236)-Petrovski,P (1645) Roskilde 2008}) 11. Nd5 O-O {[#]} 12. Nxf6+ $1 Bxf6 13. f5 $36 {[%mdl 2048] Keeping Black busy.} Bxb3 14. axb3 b5 15. c3 Ne7 16. Bd3 {[%cal Be2d3,Bd3e4,Be4b7][%mdl 32]} d5 17. Bc5 Re8 18. b4 Qd7 (18... d4 $142) 19. Qe2 ({White should play} 19. exd5 {Hoping for Be4.} Qxd5 20. Qc2) 19... Qb7 $2 {[%mdl 8192] [#]} (19... d4 $16) 20. exd5 $1 $18 Nxd5 21. Be4 Nf4 $2 (21... Rad8 22. Qf3 Be7) 22. Rxf4 exf4 23. Bxb7 Rxe2 24. Bxa8 Rxb2 25. Bd4 Bxd4+ 26. cxd4 {[%cal Bc3d4,Bd4d5,Bd5d6][%mdl 32]} Rxb4 27. d5 Ra4 (27... Rd4 $142 28. Rxa6 Ra4 29. Rxa4 bxa4) 28. Rd1 Rc4 29. Bc6 b4 30. d6 {Precision: White = 77%, Black = 30%.} 1-0

[Event "RUS-chT Premier League Women 2018"]
[Site "Sochi"]
[Date "2018.05.01"]
[Round "1"]
[White "Shuvalova, Polina"]
[Black "Mamontova, Anastasia"]
[Result "1-0"]
[WhiteElo "2416"]
[BlackElo "2051"]
[Annotator "TA"]
[PlyCount "113"]
[EventDate "2018.??.??"]
[EventCountry "RUS"]
[SourceTitle "playchess.com"]
[Source "ChessBase"]
[SourceQuality "1"]

{[%evp 13,113,18,19,-47,-30,-16,-10,-17,6,5,3,9,7,0,9,14,27,0,0,-5,0,0,28,18,25,0,0,0,0,-21,-17,-10,-10,-18,-10,-34,0,-15,26,18,27,34,36,15,8,10,8,10,24,8,7,10,10,9,135,99,131,93,81,91,102,109,113,90,264,259,277,277,277,277,277,269,269,269,269,135,182,149,182,139,447,401,545,269,900,1016,610,586,549,551,833,643,5097,5097,1948,1910,29974,29975,29982,29982,29994,29995]} 1. e4 c6 2. d4 d5 3. exd5 cxd5 4. Bd3 Nc6 5. c3 Nf6 6. h3 e5 7. dxe5 Nxe5 {LiveBook: 87 Games} 8. Be2 {B13: Caro-Kann: Exchange Variation and Panov-Botvinnik Attack} (8. Nf3 $11 Nxd3+ 9. Qxd3) (8. Nf3 Nxd3+ 9. Qxd3 Be7 10. O-O O-O 11. Be3 b6 12. Nd4 Bb7 13. Bg5 h6 14. Bh4 Qd7 15. Re1 Rae8 16. Nd2 g5 17. Bg3 Ne4 18. Nf1 f5 {1-0 (54) Alekseev,E (2638)-Bocharov,D (2593) Khanty-Mansiysk 2016}) 8... Bc5 9. Nf3 Nxf3+ 10. Bxf3 {The position is equal.} Qb6 $146 ({Predecessor:} 10... O-O 11. O-O Ne4 12. Nd2 Qh4 13. Bxe4 dxe4 14. Qe2 Re8 15. Nb3 Bb6 {1-0 (31) Stoliar,E (2375)-Krueger,E (2210) Bad Liebenzell 1996}) 11. O-O O-O 12. Nd2 {[%cal Bb1d2,Bd2b3,Bb3d4][%mdl 32]} Bd7 13. a4 Bd6 14. Nb3 Bc7 15. h4 {[%cal Bh3h4,Bh4h5][%mdl 32]} (15. Be3 $5 {[%cal Re3b6]} Qc6 16. Re1 $11) 15... Rfe8 16. Nd4 Ne4 {Hoping for ...Qd6.} 17. g3 Re7 18. a5 Qg6 19. h5 Qf6 20. Qb3 Bc6 21. Kg2 Rae8 22. a6 Bb6 23. axb7 Bxb7 24. Bf4 Bxd4 25. cxd4 Qxd4 26. Be3 Qf6 27. Rxa7 Ba6 28. Rd1 {And now Rxe7 would win.} Rxa7 29. Bxa7 Bc4 $132 {[%mdl 2048] Black puts up resistance} 30. Qb7 h6 31. b3 Ng5 32. Bxd5 Bxd5+ 33. Qxd5 Ne6 (33... Qa6 $1 $11 34. Bd4 (34. Be3 Rxe3 35. fxe3 Qe2+ 36. Kh1 Qxh5+ 37. Kg1 Qg4 $11) 34... Qe2) 34. Qf3 Qe7 35. Be3 Rb8 36. Rd3 Qe8 37. Bd2 Nc5 38. Rc3 Qb5 $2 {[#]} (38... Ne6 $16 {was worth a try.}) 39. Qd5 $1 $18 Nxb3 {[#]} 40. Rc8+ $1 {[%mdl 512]} Kh7 (40... Rxc8 41. Qxb5) 41. Qe4+ f5 42. Rxb8 Qxb8 43. Qxf5+ Kh8 44. Be3 (44. Bc3 $18) 44... Qb4 45. Qd5 Na5 46. f3 {Bd2 is the strong threat.} Nc4 $2 {[%mdl 8192]} (46... Qb2+ $16 47. Kh3 Qc3 48. Qa8+ Kh7 49. Qe4+ Kg8 50. Qe8+ Kh7 51. Qe4+ Kg8 52. Qe8+ Kh7 53. Qe4+) 47. Bd4 Nd6 48. Be5 (48. Qe5 $142 {[%csl Gd4][%cal Re5g7]} Qd2+ 49. Kh3) 48... Ne8 $2 (48... Nc4 49. Bd4 Nd2 50. Qd8+ Kh7) 49. Qe6 Qb5 50. Qxh6+ $1 Kg8 51. Qe6+ Kf8 52. Kh3 Qd3 53. Kg4 Qd8 54. f4 {[%cal Bf3f4,Bf4f5][%mdl 32]} Qd2 55. Kg5 {White mates.} Qd8+ 56. Kg6 {[%csl Gg6][%cal Re6f7]} Qd3+ 57. f5 {Precision: White = 56%, Black = 29%.} 1-0

[Event "RUS-chT Premier League Women 2018"]
[Site "Sochi"]
[Date "2018.05.01"]
[Round "1"]
[White "Kovanova, Baira"]
[Black "Azimova, Karina"]
[Result "1-0"]
[WhiteElo "2358"]
[BlackElo "2059"]
[Annotator "TA"]
[PlyCount "113"]
[EventDate "2018.??.??"]
[EventCountry "RUS"]
[SourceTitle "playchess.com"]
[Source "ChessBase"]
[SourceQuality "1"]

{[%evp 15,113,45,58,54,57,37,49,52,87,78,114,72,108,115,173,176,191,185,181,173,165,96,100,93,96,93,102,78,89,88,88,62,79,57,55,47,66,70,66,70,56,49,129,129,129,129,130,130,130,130,130,133,150,126,206,133,150,133,150,133,133,133,150,133,150,133,199,199,199,199,198,198,198,198,351,351,354,265,265,265,253,241,219,220,212,207,207,207,207,203,364,265,265,265,357,340,29980,29981,29981,29980]} 1. e4 c5 2. Nf3 g6 3. d4 cxd4 4. Nxd4 Nf6 5. Nc3 Nc6 6. Nxc6 dxc6 7. Qxd8+ Kxd8 8. Bc4 Bg7 {LiveBook: 12 Games} 9. a4 {B34: Sicilian: Accelerated Dragon with 5 Nc3: sidelines} Rf8 10. Bf4 $146 {[%cal Bc1f4,Bf4e3,Be3c5,Bc5d6][%mdl 32]} ({Predecessor:} 10. f4 Ne8 11. e5 f6 12. exf6 Bxf6 13. Ne4 Nd6 14. Bd3 Nxe4 15. Bxe4 Bf5 16. Bxf5 gxf5 {1-0 (48) Jurcik,M (2474)-Kamody,M (2241) Slovakia 2011}) 10... Nh5 11. O-O-O+ {White is slightly better.} Bd7 12. Be3 Kc7 13. f3 f5 14. exf5 gxf5 (14... Rxf5 $16 15. Rhe1 Bxc3 16. bxc3 Ra5) 15. Rhe1 $18 e6 16. Bc5 {[#] Threatens to win with Bd6+.} Rfe8 17. Bd6+ Kc8 18. Kb1 (18. g4 $18 Nf6 19. gxf5 exf5 20. Be7) 18... Nf6 $16 19. Be5 Nh5 20. g3 a5 21. Rd4 Bxe5 22. Rxe5 {Strongly threatening Ne4.} Nf6 23. Rh4 Re7 24. Ne2 {Black must now prevent Nd4.} Kc7 25. Nf4 (25. Nd4 {feels hotter.} Rae8 26. c3 b6 27. Rh6 Ng8 28. Rh5) 25... Rae8 26. Nh5 $36 {[%mdl 2048] White has some pressure.} Nxh5 27. Rxh5 b6 28. f4 Kd6 (28... Rf8 $14) 29. Rh6 Rf8 30. Kc1 Bc8 31. Kd2 Bd7 32. Ke3 Bc8 33. c3 Bd7 34. b3 Bc8 (34... c5 $16 {is a better defense.} 35. Kd3 Rg7) 35. Kf3 Bd7 36. Kf2 Bc8 37. Kf1 Bd7 38. Ke2 Bc8 39. Kd2 Bd7 40. Kc2 Bc8 {[#]} (40... c5 $16 {keeps fighting.} 41. Kd1 Bc8) 41. b4 $1 $18 axb4 42. cxb4 Bd7 43. a5 bxa5 44. bxa5 c5 $2 (44... Kc7 45. Kc3 (45. Bxe6 Ra8 $16) 45... Ra8) 45. a6 Bc8 46. a7 Rxa7 47. Bxe6 Bxe6 48. Rhxe6+ {[%mdl 4096] Endgame KRR-KRR} Kc7 49. Re7+ Kb8 50. Rxa7 Kxa7 51. Rxc5 {KR-KR} Kb6 52. Re5 Rf7 $2 (52... Kc6 53. Re7 h5) 53. Kd3 Kc6 54. Kd4 Kd6 55. Ra5 Ke6 $2 (55... Rb7 $18 56. Rxf5 Ke6) 56. Ra6+ Ke7 57. Ra7+ {Precision: White = 61%, Black = 64%.} 1-0

[Event "RUS-chT Premier League Women 2018"]
[Site "Sochi"]
[Date "2018.05.01"]
[Round "1"]
[White "Belenkaya, Dina"]
[Black "Yakimenko, Anastasia"]
[Result "1/2-1/2"]
[WhiteElo "2297"]
[BlackElo "2013"]
[Annotator "TA"]
[PlyCount "75"]
[EventDate "2018.??.??"]
[EventCountry "RUS"]
[SourceTitle "playchess.com"]
[Source "ChessBase"]
[SourceQuality "1"]

{[%evp 13,75,7,22,8,27,-9,-13,-14,-14,-16,-21,-14,-29,-25,-3,-9,0,-1,0,6,6,0,0,0,0,-2,14,13,14,24,31,22,23,18,24,24,27,14,16,0,0,0,0,-12,-17,-18,-21,-25,-14,-37,-28,-38,-44,-48,0,0,0,-33,0,-8,0,-29,0,0]} 1. e4 c5 2. Nf3 g6 3. c3 a6 4. d4 cxd4 5. cxd4 d5 6. e5 {B28: Sicilian: 2 Nf3 a6 (O'Kelly Variation)} Nc6 7. h3 Bg7 {LiveBook: 8 Games} 8. Be2 (8. Nc3 f6 9. exf6 exf6 10. Bd3 Nge7 11. O-O O-O 12. Re1 Rf7 13. a3 Bf5 14. Bxf5 Nxf5 {1-0 (38) Ding,L (2702)-Morozevich,A (2748) Beijing 2012}) 8... f6 9. Bf4 $146 ({Predecessor:} 9. exf6 Nxf6 10. O-O O-O 11. Nc3 Nh5 12. Nd2 Nf4 13. Nb3 Nxe2+ 14. Nxe2 {0-1 (25) Niepceron,A (1521)-Strohl,A (1709) Saint Paul Trois Chateaux 2013}) 9... fxe5 10. dxe5 Nh6 11. O-O O-O 12. Qd2 Nf7 {[%cal Rc6e5]} 13. Qe3 d4 14. Qb3 e6 {[%cal Rf7e5]} 15. Bc4 Ncxe5 16. Bxe5 Nxe5 17. Bxe6+ Bxe6 18. Qxe6+ Nf7 19. Nbd2 Kh8 20. Rac1 {[%cal Ba1c1,Bc1c5,Bc5d5][%mdl 32]} Ng5 21. Qb3 b5 22. Rc5 Nxf3+ 23. Nxf3 Rc8 {[%cal Ba8c8,Bc8c7,Bc7b7][%mdl 32]} 24. Rd5 Qb6 25. Re1 Rc7 26. a4 {[%cal Ra4b5]} Qa5 $1 $36 {[%mdl 2048] [#] Threatens to win with ...Rxf3! Black has some pressure.} 27. Qd1 Qxa4 28. Qxa4 bxa4 29. Nxd4 Rb7 30. Re2 Kg8 31. Rd2 Rfb8 32. Nc6 Re8 33. Nd4 Reb8 34. Nc6 Re8 35. Nd4 Reb8 36. Nc6 Re8 37. Nd4 Reb8 38. Nc6 {Precision: White = 68%, Black = 59%.} 1/2-1/2

[Event "RUS-chT Premier League Women 2018"]
[Site "Sochi"]
[Date "2018.05.01"]
[Round "1"]
[White "Sazonova, Anastasia"]
[Black "Ushenina, Anna"]
[Result "0-1"]
[WhiteElo "2178"]
[BlackElo "2443"]
[Annotator "TA"]
[PlyCount "88"]
[EventDate "2018.??.??"]
[EventCountry "RUS"]
[SourceTitle "playchess.com"]
[Source "ChessBase"]
[SourceQuality "1"]

{[%evp 22,88,-24,-46,-19,-112,-92,-111,-30,-114,-95,-90,-95,-85,-72,-148,-115,-177,-164,-177,-166,-152,-141,-142,-135,-285,-157,-245,-168,-217,-204,-262,-160,-165,-96,-204,-190,-240,-233,-379,-318,-541,-183,-440,-445,-425,-409,-415,-394,-436,-336,-589,-394,-715,-708,-889,-903,-1064,-1061,-1021,-975,-1353,-1212,-1474,-1481,-1437,-1403,-29987,-29988]} 1. d4 Nf6 2. c4 e6 3. Nf3 d5 4. Nc3 c6 5. Bg5 h6 6. Bh4 dxc4 7. a4 Bb4 8. e3 b5 9. Be2 Bb7 {D43: Semi-Slav: 5 Bg5 h6} 10. Qc2 Nbd7 11. O-O a6 12. Ne5 {LiveBook: 4 Games} Qb6 (12... Be7 13. f4 O-O {½-½ (84) Adly,A (2619)-Nihal,S (2485) Abu Dhabi 2017}) 13. Bf3 (13. Bxf6 $11 Nxf6 14. b3) 13... Nxe5 $17 14. dxe5 {[#]} Nd5 $146 (14... Nd7 $1 $17 15. Bg3 O-O) ({Predecessor:} 14... Nd7 15. Qe4 {½-½ (15) Hasenstab,A-Reichel,A (2200) Germany 1997}) 15. Ne2 (15. Ne4 $11 {keeps the balance.}) 15... g5 16. Bg3 Be7 17. Bh5 c5 18. Rfd1 (18. Nc3 $142) 18... O-O 19. h3 (19. Nc3 $17) 19... Rad8 20. Nc3 Nxc3 21. Qxc3 Rxd1+ 22. Bxd1 Rd8 23. Bc2 (23. f3 $17) 23... Bf8 (23... b4 $19 24. Qxc4 Rd2) 24. Kh2 (24. h4 $17 {was the only defense.}) 24... Bg7 25. f4 Qc6 $40 {[%csl Gb7][%cal Rc6g2][%mdl 128] [#] Black attacks with force.} 26. Rg1 gxf4 27. Bxf4 b4 (27... Qc7 $19 28. Kh1 Bc6) 28. Qe1 (28. Qxc4 $17 a5 29. Qe2) 28... Qc7 $19 29. Bb1 Kf8 {[%cal Bg8f8,Bf8e8,Be8d8][%mdl 32]} 30. Qh4 (30. Kh1 $142) 30... Rd2 31. e4 $2 (31. Kh1 {only move.}) 31... Rd4 $2 (31... Bxe5 32. Qxh6+ Ke8 33. Bxe5 Qxe5+ 34. Kh1 Rxb2) 32. Re1 $2 (32. Bxh6 {might work better.} Qxe5+ 33. Bf4) 32... Bxe5 33. Qxh6+ Ke8 34. Bxe5 Qxe5+ 35. Kh1 Rd7 36. Qh7 $2 (36. Qc1 Rd4 37. Qe3) 36... Kd8 37. Rf1 $2 (37. Qh6) 37... Qxb2 38. Qg8+ Kc7 39. Qg3+ Kb6 40. h4 Qe2 41. Qf4 c3 {[%cal Bc4c3,Bc3c2][%mdl 32]} 42. Rf2 Qd1+ 43. Rf1 c2 44. Ba2 Qxf1+ {Precision: White = 17%, Black = 58%.} 0-1

[Event "RUS-chT Premier League Women 2018"]
[Site "Sochi"]
[Date "2018.05.01"]
[Round "1"]
[White "Denikina, Natalia"]
[Black "Voit, Daria"]
[Result "1/2-1/2"]
[WhiteElo "2174"]
[BlackElo "2382"]
[Annotator "TA"]
[PlyCount "64"]
[EventDate "2018.??.??"]
[EventCountry "RUS"]
[SourceTitle "playchess.com"]
[Source "ChessBase"]
[SourceQuality "1"]

{[%evp 23,64,-37,-22,-33,-26,-36,-45,-85,-74,-73,-71,-80,-75,-81,-93,-75,-87,-116,-106,-131,-103,-104,-63,-59,-50,-133,-52,-123,79,90,82,0,0,0,0,0,0,0,0,0,0,0,0]} 1. e4 c5 2. Nf3 d6 3. d4 cxd4 4. Nxd4 Nf6 5. Nc3 a6 6. h3 e6 7. g4 d5 8. Bg2 Bb4 9. exd5 {B81: Sicilian Scheveningen: Keres Attack} Nxd5 10. Bd2 (10. Nde2 Nc6 11. O-O Nxc3 12. Nxc3 Qc7 13. Qe2 O-O 14. Qc4 Bd6 15. Be3 Bd7 16. Qxe6 Rfd8 17. Rad1 Be8 18. a4 b5 19. Ne4 {½-½ (19) Baklan,V (2614)-Fier,A (2624) Drancy 2016}) 10... Nxc3 11. bxc3 Bd6 12. O-O O-O {LiveBook: 3 Games} 13. f4 Qc7 14. Qf3 Nd7 {[#]} 15. f5 $146 ({Predecessor:} 15. Rae1 Nc5 16. h4 Bd7 {1-0 (36) Gunina,V (2507)-Pustovoitova,D (2382) Tbilisi 2018}) 15... Ne5 16. Qe2 exf5 17. gxf5 Bd7 18. f6 {[#]} g6 $1 19. Qe3 Rfe8 {White must now prevent ...Ng4.} ({Worse is} 19... Nc4 20. Qh6 Bh2+ 21. Kh1 Nxd2 22. Qg7#) 20. Qh6 {[%csl Gf6][%cal Rh6g7]} Bf8 21. Qf4 Rac8 22. Rae1 Nc4 23. Rxe8 Bxe8 24. Bc1 (24. Qxc7 $15 Rxc7 25. Bf4) 24... b5 ({Black should play} 24... Qb6 $17 25. Kh1 Nd6) 25. Qh4 (25. Qxc7 $15 Rxc7 26. Bf4) 25... h5 $2 {[#]} (25... Qa5 $17 26. Qg3 Bd7) 26. Rf5 $1 $16 {[%cal Rf5h5] Intending Rxh5 and mate.} Ne5 {White should prevent ...Bd7.} ({Of course not} 26... gxf5 $6 27. Qg5+ Kh8 28. Qxh5+ Kg8 29. Qg5+ Kh8 30. Qh5+ Kg8 31. Qg5+ Kh8 32. Qh5+ $11) 27. Bf4 (27. Rg5 $16) 27... Qxc3 $11 {The position is equal.} 28. Bxe5 {Hoping for Rf3.} Qe3+ $1 29. Qf2 Qc1+ 30. Qf1 Qe3+ 31. Qf2 Qc1+ 32. Qf1 Qe3+ {Precision: White = 39%, Black = 48%.} 1/2-1/2

[Event "RUS-chT Premier League Women 2018"]
[Site "Sochi"]
[Date "2018.05.01"]
[Round "1"]
[White "Porozhnyak, Maya"]
[Black "Ovod, Evgenija"]
[Result "0-1"]
[WhiteElo "2021"]
[BlackElo "2371"]
[Annotator "TA"]
[PlyCount "82"]
[EventDate "2018.??.??"]
[EventCountry "RUS"]
[SourceTitle "playchess.com"]
[Source "ChessBase"]
[SourceQuality "1"]

{[%evp 10,82,88,81,87,66,67,0,4,-16,-17,-5,85,93,112,106,139,104,96,92,116,85,85,30,75,28,71,56,98,0,85,0,22,-155,-192,-210,-175,-309,-313,-310,-244,-394,-397,-449,-371,-504,-423,-377,-373,-370,-347,-452,-452,-474,-470,-465,-405,-528,-554,-683,-673,-1543,-1513,-2065,-1980,-29987,-29988,-29991,-29982,-2098,-2014,-29992,-29992,-29996,-29997]} 1. e4 c5 2. Nf3 g6 3. c3 d6 4. d4 Nd7 5. Bc4 e6 6. O-O {LiveBook: 5 Games. B22: Sicilian: 2 c3} Qc7 (6... Bg7 7. Re1 Ne7 8. a4 O-O 9. Bf1 Nc6 10. d5 exd5 11. exd5 Nce5 12. Na3 Re8 13. Bf4 {0-1 (89) Shkapenko,P (2425)-Naiditsch,A (2687) Tallinn 2016}) 7. Na3 $146 ({Predecessor:} 7. Bb3 b6 8. Bf4 c4 9. Ba4 Rb8 10. e5 b5 11. Bc2 dxe5 12. Nxe5 Bd6 13. Re1 Nxe5 14. dxe5 {1-0 (59) Cherniaev,A (2484)-Velikhanli,F (2318) Geneve 2001}) 7... a6 8. Be3 ({White should try} 8. d5 $14) 8... b5 9. Be2 Bb7 10. Nd2 f5 (10... Ngf6 $11 {keeps the balance.}) 11. exf5 $16 exf5 12. Re1 Kf7 13. c4 b4 14. Nc2 Ngf6 15. Nf3 h6 16. h4 ({Better is} 16. Bf4 $16) 16... a5 17. Bf4 Qb6 18. d5 Bg7 19. Nh2 (19. Bd3 $16) 19... Ne4 (19... Bc8 $11) 20. f3 (20. Bd3 $16) 20... Nef6 $1 $11 21. Qd3 $2 (21. g4 $11) 21... Nh5 $17 22. Bc1 Ne5 $36 {[%mdl 2048] White is under strong pressure.} 23. Qe3 (23. Qd1 $142 f4 24. g4 fxg3 25. Nf1) 23... f4 $19 24. Qf2 Bc8 25. b3 (25. Nf1 $142) 25... Bf5 26. Bf1 Nd7 27. Re4 Bxe4 28. fxe4 Bxa1 29. Nxa1 g5 30. Qf3 Nhf6 31. Qh3 Rae8 32. Bb2 Qd8 ({Less strong is} 32... Ne5 33. Qf5 $19) 33. Qf5 Ne5 34. hxg5 hxg5 35. Qxg5 {[#]} Rxh2 $1 36. Qxf4 {[#]} (36. Kxh2 Nfg4+) 36... Reh8 $1 37. Be2 {[#]} Qg8 $1 {[%csl Gh2][%cal Rg8g2]} 38. Bf3 Nxf3+ 39. Qxf3 Qg5 {( -> ...Rh1+)} 40. e5 dxe5 41. d6 Qd2 {Precision: White = 29%, Black = 58%.} 0-1